Quizzes
Events
Quiz Creation
Community
Videos
Private Events
Remove Ads
Sign In
Join for FREE
Feedback
Dark Mode
Quiz Categories
Sports
Geography
Music
Movies
Television
Just For Fun
Miscellaneous
History
Literature
Language
Science
Gaming
Entertainment
Religion
Holiday
For Kids
Quiz Lab
Recent
Popular Today
Quiz Kudos Today
Editor Picks
Curator Picks
Quizzes by...
Day
Popularity
Type
Ratings
Length
Year
Community
Subscriptions
Recent Discussions
Orange Saloon
Badges
Playlists
Quests
Create
Leaderboards
Showdown
Live 5
Trivia Bingo
Activity
Puzzle Library
Sporcle Events
Private Events
Virtual Trivia
Globe League
Become a Host
Pub Owners
SporcleCon
Opinionation
Our Games
Videos
Blog
Mobile Apps
Partnerships
Remove Ads and Go Orange
Feedback
Geography
Country
Landmarks
City
State
Population
World
Capital
Continent
Flags
Europe
Africa
Asia
South America
North America
Oceania
Border
Canada
United Kingdom
Topography
United States
Geography
Country
Landmarks
City
State
Population
World
Capital
Continent
Flags
Europe
Africa
Asia
South America
North America
Oceania
Border
Canada
United Kingdom
Topography
United States
Random Quiz
Search Sporcle
×
Quiz Lab
Quiz Lab
Geography
station
Type in answers that appear in a list
Type in answers that appear in a list
Classic
Best Score? Go Orange.
Piccadilly Line Stations Stats
Can you name the stations on the Piccadilly line of the London Underground?
By
lwfc
8m
53 Questions
633 Plays
633 Plays
633 Plays
Comments
Comments
Give Quiz Kudos
Give Quiz Kudos
-
- Ratings
hide this ad
Replay
Link that replays current quiz
Next Quiz
Link to next quiz in quiz playlist
You Got
0%
They Got
Avg Score
63%
Avg Friend Score
Upgrade to see
Score Distribution
Jump to the score distribution portion of the page
Score
0/53
Timer
08:00
0
Plays Today
Zone
Station
% Correct
1
Piccadilly Circus
91.3%
1
Leicester Square
87.2%
1
King's Cross St. Pancras
86.3%
1
Covent Garden
85%
5
Cockfosters
84.5%
6
Terminal 4
83.6%
6
Terminals 1, 2, 3
83.3%
1
Knightsbridge
83.1%
1
Green Park
82.5%
1/
2
Earl's Court
82.3%
1
Holborn
81.4%
1
Hyde Park Corner
81%
1
South Kensington
80.7%
6
Terminal 5
80.4%
1
Russell Square
79.3%
1
Gloucester Road
75.7%
2
Hammersmith
70.5%
2
Arsenal
70%
2
Finsbury Park
69.8%
2
Barons Court
68.7%
3
Acton Town
67.3%
6
Uxbridge
67.1%
4
Hounslow East
66.5%
4
Hounslow Central
66%
5
Hounslow West
65.7%
2
Caledonian Road
64%
5/
6
Hatton Cross
60.3%
Zone
Station
% Correct
4
Arnos Grove
60%
5
Rayners Lane
57.3%
2/
3
Turnham Green
57%
2
Holloway Road
56.7%
4
Osterley
56.2%
6
Ruislip
54.3%
3
South Ealing
53.6%
3
Wood Green
53.1%
3
Northfields
52.9%
4
Boston Manor
52.3%
5
Oakwood
52.3%
2/
3
Manor House
51.2%
3
Turnpike Lane
49.8%
6
Hillingdon
49.1%
3
Ealing Common
48.7%
4
Southgate
48.2%
3/
4
Bounds Green
47.1%
6
Ickenham
46.9%
6
Ruislip Manor
43.8%
3
North Ealing
43.3%
3
Park Royal
43.3%
4
Sudbury Town
43%
4
Alperton
41.4%
5
South Harrow
40.8%
4
Sudbury Hill
40.1%
5
Eastcote
39.3%
Quiz Playlist
Details
Report
Send in Message
Add To Playlist
Classic:
Type in answers that appear in a list
Quiz Source
Last Updated: Feb 16, 2017
Quiz Scoreboard
CHALLENGE
Sign Up to Join the Scoreboard
Show All
Scores
Hide
Comments
May contain spoilers
Recently Published
Pick 6: Fruits
by JohnFran
Miscellaneous
15s
Click the 1999 NBA Draft
by nibperrychub
Sports
2m
Alphabetical 'K' Countries by Flag Minefield
by ylime102
Geography
3m
More to Explore
Quiz From the Vault
Featured Blog Post
15 Basketball Trivia Facts You Can Be March Mad About
hide this ad
You Might Also Like...
Tags
London
London Underground
Piccadilly
station
Underground
Zone
Today's Top Quizzes in Geography
Browse Geography
hide this ad
Top Contributed Quizzes in Geography
1
Countries of the World - No Outlines Minefield
2
Find the Landmarks A-Z
3
Lietuvos savivaldybės (Lithuanian Municipalities)
4
Blind Ultimate Minefield: World
5
Ultimate Geography Challenge 'A'
6
Find the US States - No Outlines
7
3, 2, 1 or 0: Land Borders
8
Complete the Map Snippet (Minefield) IX
9
Nickname Match: U.S. States
10
Complete the Map Snippet (Minefield) X
Explore More
Trending Topics
Crossword
Kpop
Disney
Marvel
Harry Potter
NBA
Anime
Country
Soccer
The Office
NFL
Pokémon
Song
WWE
Puzzle
hide this ad
More By:
lwfc
Quiz
Plays
Rating
Category
Featured
Created
Football League 2010-11
5,115
4.28
Sports
Jun 1, 2010
Strictly Come Dancing Winners
3,011
3.73
Television
Oct 11, 2009
Football League 2012-13
2,454
5.00
Sports
May 28, 2012
Jubilee Line stations
2,268
4.43
Geography
Oct 20, 2009
Metropolitan line stations
1,182
4.00
Geography
Oct 20, 2009
Go to Creator's Profile
Score Distribution
Quiz Creator Spotlight
lwfc
Follow
Send a Message
Quizzes Created
-
Created Quiz Play Count
-
More By This Creator
Popular Quizzes Today
1
Countries of Asia Without Outlines Minefield
2
Find the US States - No Outlines Minefield
3
Pick 6: Fruits
4
Alphabetical 'K' Countries by Flag Minefield
5
The Countries of the World
6
Click the 1999 NBA Draft
7
Match the Book to the Film X
8
Find the US States
More Geography Quizzes
World Cities: Hungary
Quiz Lab
Trending Quizzes
Pick 6: Harry Potter
Pick 6: Golfers
Donkey Kong Minefield
DC Extended Universe: Oldest to Newest
Multiplication Danger Zone
Recently Updated
Women's Final Four Teams by Year
bhenderson79
Presidents Quartet II
eogle
Anything But Clue(do)
eogle
Anything But Oceanian Capitals
eogle
Anything But 7
eogle
Anything But Thing
eogle
Word Ladder: February 29
pecheneg
Song Title Questions
pecheneg
Women's NCAA Tournament #1 Seeds
pecheneg
Celebrity Mug Shots
pecheneg
Trending Topics
Crossword
Marvel
NBA
Harry Potter
Anime
Disney
Kpop
Song
The Office
NFL
WWE
Country
Pokémon
Puzzle
Soccer
Your Account Isn't Verified!
In order to create a playlist on Sporcle, you need to verify the email address you used during registration. Go to your
Sporcle Settings
to finish the process.
Report this User
Report this user for behavior that violates our
Community Guidelines
.
Details:
Send Report
Go to the Sporcle.com Mobile Site →
Comments